載入...

1945 Year of Decisions Memoirs - vol.1

書目詳細資料
主要作者: Truman,Harry S
格式: Printed Book
出版: New York: Signet Books, 1955
LEADER 00392nam a22001217a 4500
082 |a 973 TRU 
100 |a Truman,Harry S 
245 |a 1945 Year of Decisions Memoirs - vol.1 
260 |a New York:  |b Signet Books,  |c 1955 
300 |a 635p. 
942 |c BK 
999 |c 316477  |d 316477 
952 |0 0  |1 0  |4 0  |6 973_000000000000000_TRU  |7 0  |9 338476  |a ENG  |b ENG  |c GEN  |d 2020-12-03  |l 0  |o 973 TRU  |p ENGF1551  |r 2020-12-03  |w 2020-12-03  |y BK